|
|
|
|
| LEADER |
01550nam a2200337 a 4500 |
| 001 |
515946 |
| 008 |
120807t20101987enka b 001 0 eng d |
| 010 |
|
|
|a 86009528
|
| 020 |
|
|
|a 9780521267328
|
| 020 |
|
|
|a 9780521318372 (pbk.)
|
| 020 |
|
|
|a 0521267323
|
| 020 |
|
|
|a 0521318378 (pbk.)
|
| 040 |
|
|
|a DLC
|c DLC
|d DLC
|d BD-DhAAL
|
| 082 |
0 |
0 |
|a 428.007
|2 19
|
| 100 |
1 |
|
|a Hutchinson, Tom,
|d 1930-
|
| 245 |
1 |
0 |
|a English for specific purposes :
|b a learning-centred approach /
|c Tom Hutchinson and Alan Waters.
|
| 260 |
|
|
|a Cambridge [Cambridgeshire] :
|b Cambridge University Press,
|c c1987 [25th printing 2010]
|
| 300 |
|
|
|a viii, 183 p. :
|b ill. ;
|c 24 cm.
|
| 490 |
1 |
|
|a New directions in language teaching.
|
| 504 |
|
|
|a Bibliography: p. 174-179.
|
| 500 |
|
|
|a Includes index.
|
| 541 |
|
|
|e 00025875
|
| 650 |
|
0 |
|a English language
|x Study and teaching
|x Foreign speakers.
|
| 650 |
|
0 |
|a English language
|x Business English
|x Study and teaching.
|
| 650 |
|
0 |
|a English language
|x Technical English
|x Study and teaching.
|
| 650 |
|
0 |
|a Vocational education.
|
| 700 |
1 |
|
|a Waters, Alan.
|
| 852 |
4 |
|
|a Ayesha Abed Library
|j General shelf.
|
| 999 |
|
|
|c 12763
|d 12763
|
| 952 |
|
|
|0 0
|1 0
|4 0
|6 428_007000000000000_HUT
|7 0
|9 21021
|a BRACUL
|b BRACUL
|c GEN
|d 2012-08-26
|e Riza Enterprise
|g 2503.00
|l 11
|m 54
|o 428.007 HUT
|p 3010025875
|r 2024-09-15
|s 2024-07-09
|t 1
|w 0000-00-00
|y BK
|x Available
|
| 952 |
|
|
|0 0
|1 0
|4 0
|6 428_007000000000000_HUT
|7 0
|9 21022
|a BRACUL
|b BRACUL
|c GEN
|d 2012-08-26
|e Riza Enterprise
|g 2503.00
|l 9
|m 29
|o 428.007 HUT
|p 3010025876
|r 2025-01-04
|s 2024-12-22
|t 2
|y BK
|x Koha Inventory 2020
|